00460nam a2200181 a 4500001001300000003000900013005001700022008004100039020001000080082001700090100001900107245002500126260003500151300000900186500003500195505002900230700001900259nice12345678IN_TiNIC20260116011410.0050524s1907 luca grp 000 0 per  ac10000a297.82bGHU1 aGhulam, Haleem aTohfa-I-Asna-E-Ashri aLucknow bNaval Kishore c1907 a400p aincludes index and biblioraphy2 aFour Parts Boun Together1 aGhulam, Haleem